000 00976nam a22002534a 4500
005 20100311110920.0
008 020926s2003 caua 001 0 eng
010 _aB-379401
020 _a9780753704950
_c495.00
035 _aB-379401
037 _bPansy Books
040 _adpl
_bEnglish
082 _a635.9772
100 _aLewis, Colin
245 _aBonsai :
_ba care manual /
_cby Colin Lewis
260 _aLondon
_bChancellor Press
_c2009
270 _a2-4, Heron Quays,
_bLondon
300 _a128 p. :
_bcol. ill.
_c28 cm(Hb)
500 _aincludes glossary and index
650 _aBonsai.
942 _2ddc
_cEN
_h635.9772
_mLEW
999 _c34576
_d34576